Les mots de la langue française se terminant par "able" - Statistiques

Statistiques générales
  • Ce quiz a été pris 477 fois
  • Le résultat moyen est 11 sur 20
Statistiques - réponses
Indice Mot % Correct
pas innocent coupable
88%
La Fontaine fable
84%
écolier cartable
81%
grain de ... sable
81%
ordinateur portable
79%
meuble table
77%
démon diable
75%
tel un siège ... éjéctable
67%
inouï incroyable
54%
rasoir, mouchoir jetable
51%
très pauvre misérable
51%
paye des impôts contribuable
50%
ciré imperméable
49%
métier comptable
44%
ballon dirigeable
38%
possible probable
37%
juste équitable
35%
digne d'être remarqué notable
34%
tangible palpable
19%
... Angélique indomptable
12%
Aucun quiz correspondant
Distribution des résultats
% des personnes avec chaque résultat
Percentile par nombre de réponses
Votre historique - résultats
Vous n’avez pas pris ce quiz